Физическое моделирование развития топливной струи - основа повышения качества смесеобразования и сгорания в дизеле; Известия Томского политехнического университета [Известия ТПУ]; Т. 306, № 6

Dettagli Bibliografici
Parent link:Известия Томского политехнического университета [Известия ТПУ]/ Томский политехнический университет (ТПУ).— , 2000-
Т. 306, № 6.— 2003.— [С. 77-81]
Autore principale: Гаврилов В. В.
Riassunto:Заглавие с титульного листа
Электронная версия печатной публикации
Описан оригинальный метод экспериментального исследования, приведены экспериментальные данные о распределении масс и скоростей движения жидкого топлива и спутного газа по длине развивающейся струи дизельной форсунки. Эти данные использованы для уточнения математической модели комплекса процессов в цилиндре дизеля. Представлены результаты расчетов по уточненной модели.
Lingua:russo
Pubblicazione: 2003
Serie:Технические науки
Soggetti:
Accesso online:http://www.lib.tpu.ru/fulltext/v/Bulletin_TPU/2003/v306/i6/18.pdf
Natura: Elettronico Capitolo di libro
KOHA link:https://koha.lib.tpu.ru/cgi-bin/koha/opac-detail.pl?biblionumber=167957

MARC

LEADER 00000nla2a2200000 4500
001 167957
005 20231031162936.0
035 |a (RuTPU)RU\TPU\book\182220 
035 |a RU\TPU\book\182217 
090 |a 167957 
100 |a 20091022d2003 k y0rusy50 ca 
101 0 |a rus 
102 |a RU 
135 |a drnn ---uucaa 
181 0 |a i  
182 0 |a b 
200 1 |a Физическое моделирование развития топливной струи - основа повышения качества смесеобразования и сгорания в дизеле  |b Электронный ресурс  |f В. В. Гаврилов 
203 |a Текст  |c электронный 
215 |a 1 файл (340 Кб) 
225 1 |a Технические науки 
230 |a Электронные текстовые данные (1 файл : 340 Кб) 
300 |a Заглавие с титульного листа 
300 |a Электронная версия печатной публикации 
320 |a [Библиогр.: с. 81 (6 назв.)] 
330 |a Описан оригинальный метод экспериментального исследования, приведены экспериментальные данные о распределении масс и скоростей движения жидкого топлива и спутного газа по длине развивающейся струи дизельной форсунки. Эти данные использованы для уточнения математической модели комплекса процессов в цилиндре дизеля. Представлены результаты расчетов по уточненной модели. 
337 |a Adobe Reader 
461 1 |0 (RuTPU)RU\TPU\book\176237  |t Известия Томского политехнического университета [Известия ТПУ]  |f Томский политехнический университет (ТПУ)  |d 2000- 
463 1 |0 (RuTPU)RU\TPU\book\182122  |t Т. 306, № 6  |v [С. 77-81]  |d 2003  |p 167 с. 
610 1 |a физическое моделирование 
610 1 |a топливная струя 
610 1 |a смесеобразование 
610 1 |a экспериментальные исследования 
610 1 |a жидкое топливо 
610 1 |a математические модели 
610 1 |a повышение качества 
610 1 |a дизели 
610 1 |a электронный ресурс 
700 1 |a Гаврилов  |b В. В. 
801 1 |a RU  |b 63413507  |c 20090623  |g PSBO 
801 2 |a RU  |b 63413507  |c 20210521  |g PSBO 
856 4 |u http://www.lib.tpu.ru/fulltext/v/Bulletin_TPU/2003/v306/i6/18.pdf 
942 |c CF